000 00476nam a2200193Ia 4500
008 240510s9999 xx 000 0 und d
020 _a0000387966080
041 _aEng
082 _a006.6
082 _bS14
100 _aPEITGEN, Hienz-OHO (ED)(ET-AL)
245 4 _aThe Science of Fractal Images
260 _bNew York : Springer Verlag Inc.
260 _c1988
300 _a310 p.
650 _aFractal Images : Computer Graphics
942 _2ddc
942 _cRBK
999 _c23655
_d23655
945 _a1
_bMadushi Gamage
_c1
_dMadushi Gamage